Sports Quiz

Random Sports or MLB Quiz

MLB - 800 Games Pitched Club Quiz Stats

 Plays Quiz not verified by Sporcle

Also try: NFL Leaders (2012)
Challenge
Share
Tweet
Embed
Score 0/46 Timer 20:00
0 Plays Today
Team Pitcher % Correct
YankeesMariano Rivera
96.5%
PadresTrevor Hoffman
86.1%
AthleticsDennis Eckersley
83.8%
CubsLee Smith
80.8%
MetsJohn Franco
80.2%
SpidersCy Young
79.7%
YankeesGoose Gossage
76.1%
SenatorsWalter Johnson
73.5%
MetsJesse Orosco
69.1%
AthleticsRollie Fingers
64.8%
White SoxHoyt Wilhelm
61.2%
TigersTodd Jones
58.6%
IndiansDoug Jones
58.6%
AstrosBilly Wagner
56.6%
AngelsNolan Ryan
56.6%
BravesPhil Niekro
49.8%
PiratesKent Tekulve
48.2%
White SoxRoberto Hernandez
47.7%
IndiansJose Mesa
47.2%
YankeesMike Stanton
44.2%
ExposJeff Reardon
42.9%
YankeesSparky Lyle
42.3%
TigersMike Myers
42%
Team Pitcher % Correct
MarinersMichael Jackson
36.5%
TwinsEddie Guardado
30.7%
RoyalsTom Gordon
29.5%
MarinersArthur Rhodes
26.6%
RangersFrancisco Cordero
25.8%
BrewersDan Plesac
25.4%
DodgersCharlie Hough
24.7%
Red SoxMike Timlin
24.6%
PhilliesTug McGraw
23.9%
TwinsJim Kaat
22%
BrewersBob Wickman
19.8%
TwinsLaTroy Hawkins
19.3%
PiratesRoy Face
18.9%
BravesGene Garber
14.7%
IndiansPaul Assenmacher
13%
RockiesSteve Reed
12.8%
Red SoxAlan Embree
11.9%
RedsDavid Weathers
11.6%
Blue JaysPaul Quantrill
10.9%
CardinalsLindy McDaniel
9.4%
CubsKyle Farnsworth
8.2%
GiantsJulian Tavarez
5.5%
BravesDon McMahon
3.3%

You're not logged in!

Compare scores with friends on all Sporcle quizzes.
Join for Free
OR
Log In

You Might Also Like...

Show Comments

Extras

Top Quizzes Today


Score Distribution

Your Account Isn't Verified!

In order to create a playlist on Sporcle, you need to verify the email address you used during registration. Go to your Sporcle Settings to finish the process.

Report this User

Report this user for behavior that violates our Community Guidelines.

Details: